| 000 | 00427nam a2200157 i 4500 | ||
|---|---|---|---|
| 001 | 36277 | ||
| 003 | ES-MaACL | ||
| 005 | 20230906155334.0 | ||
| 007 | t| | ||
| 008 | 030217s1971 sp ||||1| spa d | ||
| 100 | 1 |
_aBroseta Pont, Manuel. _931932 |
|
| 245 | 1 | 0 |
_aManual de derecho mercantil / _cManuel Broseta Pont. |
| 260 |
_aMadrid : _bTecnos, _c[1971] |
||
| 300 |
_a708 p. ; _c24 cm. |
||
| 852 |
_aES-MaACL _jC-37598 _bR.79094 |
||
| 999 |
_c36277 _d36277 |
||